| 000 | 00903nam a2200241 a 4500 | ||
|---|---|---|---|
| 001 | 000007563 | ||
| 005 | 20200929154220.0 | ||
| 008 | 090909s1998 dr ab 001 0 spa d | ||
| 040 |
_aDO-SdBNP _bspa _cBNPHU |
||
| 082 |
_a551.22 _bC822L |
||
| 100 | 1 |
_aCorominas Pepín, Rafael A., _d1928- _920988 |
|
| 245 | 1 | 0 |
_aLecturas para gente de un país que espera su terremoto / _cRafael A. Corominas Pepín. |
| 260 |
_aSanto Domingo : _bEl Nuevo Diario, _c1998. |
||
| 300 |
_a384 p. : _bil., mapa ; _c21 cm. |
||
| 504 | _aBibliografía : p. 383-384 | ||
| 590 | _aInventariado, 2020/BT | ||
| 650 | 4 |
_aTerremotos _zRepública Dominicana _920989 |
|
| 650 | 4 |
_aIngeniería sísmica _zRepública Dominicana _920990 |
|
| 650 | 4 |
_aPredicción sísmica _920991 |
|
| 650 | 4 |
_aPrevención y protección frente a los sismos _920992 |
|
| 650 | 4 |
_aDesastres naturales _920993 |
|
| 910 | _aValidado. Control de calidad MMOLINA | ||
| 999 |
_c7344 _d7344 |
||